000 00625nam a2200229Ia 4500
003 OSt
005 20220924124649.0
006 a|||||r|||| 00| 0
007 ta
008 220923b |||||||| |||| 00| 0 urd d
024 _a320397
037 _cTextual
040 _aARTS
_cARTS
_burd
041 _2urd
_aurd
082 _aP168,4, L0
100 _aPremi Saifi Au.
_9196583
245 0 _aHamare muhaware aur khawatein
260 _aNew Delhi
_b Shams prakashan India
_c1970
650 _aURDU LANGUAGE - GRAMMAR
942 _hP168,4, L0
_cTEXL
_2CC
999 _c420484
_d420484